Thomas Jefferson (Registro nro. 167959)

Detalles MARC
000 -LEADER
campo de control de longitud fija 00644nam a2200169 i 4500
001 - NÚMERO DE CONTROL
campo de control 167959
003 - IDENTIFICADOR DE NÚMERO DE CONTROL
campo de control ES-MaACL
005 - FECHA Y HORA DE LA ÚLTIMA TRANSACCIÓN
campo de control 20230906213637.0
008 - DATOS DE LONGITUD FIJA--INFORMACIÓN GENERAL
campo de control de longitud fija 991110s1871 fr |||| | fre d
040 ## - FUENTE DE CATALOGACIÓN
Centro catalogador/agencia de origen M-RAJU
Lengua de catalogación spa
Centro/agencia transcriptor M-RAJU
Centro/agencia modificador CCPB | B
100 1# - ENTRADA PRINCIPAL--NOMBRE DE PERSONA
Nombre de persona Witt, Cornelis Henri de.
9 (RLIN) 133951
245 10 - MENCIÓN DEL TÍTULO
Título Thomas Jefferson
Resto del título : étude historique sur la démocratie américaine /
Mención de responsabilidad, etc. par Cornelis de Witt.
260 ## - PUBLICACIÓN, DISTRIBUCIÓN, ETC.
Lugar de publicación, distribución, etc. Paris :
Nombre del editor, distribuidor, etc. Didier et C\pie\s,
Fecha de publicación, distribución, etc. 1871.
300 ## - DESCRIPCIÓN FÍSICA
Extensión IV, 568 p. ;
Dimensiones 18 cm.
600 14 - PUNTO DE ACCESO ADICIONAL DE MATERIA--NOMBRE DE PERSONA
Nombre de persona Jefferson, Thomas.
9 (RLIN) 66265
852 ## - LOCALIZACIÓN
Ubicación ES-MaACL
Número de control de estantería F-2991
Nota libre -- Rust.
Encuadernación -- Edic.: El imp. consta en verso de la antep.: Imp. Viéville et Capiomont
Existencias
Estatus retirado Estado de pérdida Estado de daño No para préstamo Colección Biblioteca de origen Biblioteca actual Ubicación en estantería Fecha de adquisición Fuente de adquisición Total de préstamos Signatura topográfica completa Código de barras Visto por última vez Precio de reemplazo Tipo de ítem Koha
        Libros del s. XIX Biblioteca del Ateneo de Madrid Biblioteca del Ateneo de Madrid Depósito 2 17/01/2008     F-2991 1176208 23/02/2023 23/02/2023 Libro impreso antiguo